000 01676cam a2200349 4500500
005 20251228073908.0
041 _afre
042 _adc
100 1 0 _aDespinis, Georges
_eauthor
245 0 0 _aUne nouvelle stèle funéraire attique, dédiée à la mémoire de Jean Marcadé
260 _c2014.
500 _a22
520 _aL’auteur présente le raccord d’un fragment d’une stèle funéraire attique du Musée national archéologique d’Athènes inv. 1141 avec la stèle funéraire du Musée municipal de Laon inv. 37.1193. La nouvelle stèle Athènes-Laon, avec les noms d’Hèdistè et de Plathanè, est datée de la décennie 340-330.
520 _aA new Attic funeral stele, dedicated to the memory of Jean MarcadéThe author presents the join of a fragment of an Attic grave stele in the National Archaeological Museum at Athens inv. 1141 with a grave stele in the Municipal Museum at Laon inv. 37.1193. The new Athens-Laon stele, with the names of Hediste and Plathane, is dated to the decade 340-330.
690 _aAttique
690 _aCharias
690 _aépigraphie : Hèdistè
690 _amonde grec
690 _aPlathanè
690 _araccord de fragments
690 _astèle funéraire
690 _aAttica
690 _aCharias
690 _aepigraphy : Hediste
690 _agrave stele
690 _aGreek world
690 _ajoin of fragments
690 _aPlathane
690 _asecond half of the 4th cent. BC
786 0 _nRevue archéologique | 58 | 2 | 2014-11-03 | p. 347-353 | 0035-0737
856 4 1 _uhttps://shs.cairn.info/revue-archeologique-2014-2-page-347?lang=fr&redirect-ssocas=7080
999 _c1596289
_d1596289